000
00338nam a2200133Ia 4500
008
151001s9999||||xx |||||||||||||| ||und||
100
_a
मीना - प्रभू
245
_a
चिनीमाती
250
_a
1
260
_b
पुणे प्रकाशन
260
_c
2003
300
_a
363
365
_b
21
999
_c
981234
_d
981231